00341nam a2200133Ia 4500008004100000041000800041082001400049100001900063245004000082250001400122260002600136300003200162365001300194240624s9999 xx 000 0 und d aeng a414.8 DAV aDAVENPORT MIKE aINTRODUCING PHONETICS AND PHONOLOGY a(3rd ed.) c2011aNew DelhibViva axvii, : 255 : p. : cm. ; 24 cRSb33.5